Tous les pays européens ayant participés à la Coupe du Monde - Statistiques

Statistiques générales
  • Ce quiz a été pris 145 fois
  • Le résultat moyen est 31 sur 36
Statistiques - réponses
Première participation Dernière participation Nombres de participations Pays % Correct
1934 2026 17 Espagne
100%
1930 2026 17 France
100%
1934 2014 18 Italie
100%
1966 2026 9 Portugal
99%
1934 2026 21 Allemagne
98%
1930 2026 15 Belgique
98%
1934 2026 12 Pays-Bas
96%
1950 2026 17 Angleterre
94%
1934 2026 13 Suisse
94%
1990 2002 3 Irlande
92%
1938 2026 4 Norvège
92%
1934 2026 13 Suède
92%
1934 2026 8 Autriche
91%
1998 2026 7 Croatie
91%
1994 2018 4 Russie
91%
1994 2014 3 Grèce
90%
1986 2022 6 Danemark
88%
1934 1986 9 Hongrie
88%
1938 2022 9 Pologne
88%
2006 2006 1 Ukraine
87%
1930 1998 7 Roumanie
86%
2010 2010 1 Slovaquie
86%
2002 2010 2 Slovénie
86%
1962 1998 7 Bulgarie
83%
1954 2026 9 Ecosse
83%
2006 2026 2 République Tchèque
82%
2010 2022 3 Serbie
82%
2018 2018 1 Islande
80%
1958 2022 2 Pays de Galles
77%
2014 2026 2 Bosnie-Herzégovine
74%
1954 2026 3 Turquie
73%
1930 1990 8 Yougoslavie
70%
1958 1986 3 Irlande du Nord
69%
1958 1990 7 URSS
67%
1934 1990 8 Tchécoslovaquie
63%
1974 1974 1 Allemagne de l'Est
55%
Aucun quiz correspondant
Distribution des résultats
% des personnes avec chaque résultat
Percentile par nombre de réponses
Votre historique - résultats
Vous n’avez pas pris ce quiz